Shigley's Mechanical Engineering Design (Record no. 14703)
[ view plain ]
| 000 -LEADER | |
|---|---|
| fixed length control field | 00434nam a22001577a 4500 |
| 020 ## - INTERNATIONAL STANDARD BOOK NUMBER | |
| ISBN | 9789339221638 |
| 082 ## - DEWEY DECIMAL CLASSIFICATION NUMBER | |
| Classification number | 621.815 |
| Item number | SHI/ME |
| 100 ## - MAIN ENTRY--AUTHOR NAME | |
| Personal name | Budynas,Richard G. |
| 100 ## - MAIN ENTRY--AUTHOR NAME | |
| Personal name | Nisbett,Keith J. |
| 245 ## - TITLE STATEMENT | |
| Title | Shigley's Mechanical Engineering Design |
| 250 ## - EDITION STATEMENT | |
| Edition statement | 10 |
| 260 ## - PUBLICATION, DISTRIBUTION, ETC. (IMPRINT) | |
| Place of publication | New Delhi |
| Name of publisher | McGraw Hill Education (India) Private Limited |
| Year of publication | 2016 |
| 300 ## - PHYSICAL DESCRIPTION | |
| Number of Pages | 1082 |
| 500 ## - GENERAL NOTE | |
| General note | 10 th Edition in SI Units |
| 942 ## - ADDED ENTRY ELEMENTS (KOHA) | |
| Koha item type | Book Bank scheme for SC students |
| Withdrawn status | Lost status | Damaged status | Home library | Current library | Shelving location | Date acquired | Source of acquisition | Cost, normal purchase price | Full call number | Accession Number | Koha item type |
|---|---|---|---|---|---|---|---|---|---|---|---|
| KAUAET | KAUAET | Scheme | 19/08/2016 | Penta Books Distributors, Calicut. | 799.00 | 621.815 SHI/ME | BB 415 | Book Bank scheme for SC students | |||
| KAUAET | KAUAET | Scheme | 27/08/2016 | Dream Tech Publishers & Book Sellers, Thiruvanathapuram. | 799.00 | 621.815 SHI/ME | BB 366 | Book Bank scheme for SC students |
